000 00619nam a2200205Ia 4500
003 IN-BaIIA
008 211028s9999 xx 000 0 eng d
040 _cIIA Library
080 _a(035)621
_bCAR
100 _aCarmichael, C.
_95452
245 0 _aKent's mechanical engineers handbook
_bvol. 1
_cC. Carmichael
250 _a12th ed
260 _aNew York
_bWiley
_c1967
300 _a[various pagings.]
490 _aWiley engineering handbook series
650 _aEngineering handbooks
_94950
650 _aHandbooks
_95453
650 _aNASA Thesaurus
942 _cBK
999 _c3067
_d3067